| 000 | 00593nam a2200181 4500 | ||
|---|---|---|---|
| 001 | 143813 | ||
| 003 | ES-MaACL | ||
| 005 | 20230906200900.0 | ||
| 007 | t| | ||
| 008 | 070214s1968 sp r ||||1| cat d | ||
| 245 | 0 | 3 |
_aEl sexe i la Biblia / _cAndré Dumas... [et al.] ; [revisió... Angel Cortés ; recull i traducció: Josep Grau]. |
| 260 |
_aBarcelona : _bEd. Evangeliques Europees, _c[1968] ( _fSalvado) |
||
| 300 |
_a151 p. ; _c21 cm. |
||
| 700 | 1 |
_aDumas, André. _945983 |
|
| 700 | 1 |
_aCortés, Angel. _940845 |
|
| 700 | 1 |
_aGrau, Josep. _959733 |
|
| 852 |
_aES-MaACL _jC-36963 _bR.67621 |
||
| 999 |
_c143813 _d143813 |
||